00822 2200193 4500001002100000005001500021008004100036035002000077082000800097084001400105100001500119245004000134250000600174260005400180300001200234520036000246650001000606990001200616INLIS00000000000128120240521103524240521 1 ind  a0010-0524000516 a813 a813 IRA c aMadan, Ira1 aCahaya Cinta Pesantren /cIra Madan a1 aSolo :bPT. Tiga Serangkai Pustaka Mandiri,c2015 a292 hlm aMarShila Silalahi terlahir sebagai anak yang cerdas, bahkan mendekati kata genius. Namun, ia memiliki sedikit kenakalan yang menurutnya hanya berbeda sangat tipis dengan kreativitas. Justru kisah kenakalan-kenakalan ala santriwati ma'had inilah yang membuat kisah dalam novel ini sangat menarik dan lucu hingga membuat kita tertawa terpingkal-pingkal. 4aFiksi a0744153